El universo plural de Francisco Ayala / (Registro nro. 12028)

Detalles MARC
000 -LEADER
campo de control de longitud fija 00825nam a22002415i 4500
001 - NÚMERO DE CONTROL
campo de control 12028
003 - IDENTIFICADOR DE NÚMERO DE CONTROL
campo de control ES-MaACL
005 - FECHA Y HORA DE LA ÚLTIMA TRANSACCIÓN
campo de control 20240513120230.0
007 - CAMPO FIJO DE DESCRIPCIÓN FÍSICA--INFORMACIÓN GENERAL
campo de control de longitud fija t|
008 - DATOS DE LONGITUD FIJA--INFORMACIÓN GENERAL
campo de control de longitud fija 960122s1995 sp ||||0| spa j
020 ## - NÚMERO INTERNACIONAL ESTÁNDAR DEL LIBRO
Número Internacional Estándar del Libro 84-7898-088-1
040 ## - FUENTE DE CATALOGACIÓN
Centro catalogador/agencia de origen M-BN
Lengua de catalogación spa
Centro/agencia transcriptor M-BN
080 ## - NÚMERO DE LA CLASIFICACIÓN DECIMAL UNIVERSAL
Número de la Clasificación Decimal Universal 860 Ayala, Francisco 1.06(082.2)
245 03 - MENCIÓN DEL TÍTULO
Título El universo plural de Francisco Ayala /
Mención de responsabilidad, etc. Manuel Angel Vázquez Medel (ed.).
260 ## - PUBLICACIÓN, DISTRIBUCIÓN, ETC.
Lugar de publicación, distribución, etc. Sevilla :
Nombre del editor, distribuidor, etc. Alfar,
Fecha de publicación, distribución, etc. D.L. 1995.
300 ## - DESCRIPCIÓN FÍSICA
Extensión 113 p ;
Dimensiones 22 cm.
490 1# - MENCIÓN DE SERIE
Mención de serie Alfar universidad. Serie investigación y ensayo ;
Designación de volumen o secuencia 62
600 14 - PUNTO DE ACCESO ADICIONAL DE MATERIA--NOMBRE DE PERSONA
Nombre de persona Ayala, Francisco,
Fechas asociadas al nombre 1906-2009-
Subdivisión de forma Homenajes
9 (RLIN) 24114
700 1# - ENTRADA AGREGADA--NOMBRE PERSONAL
Nombre de persona Vázquez Medel, Manuel Ángel.
9 (RLIN) 113461
830 0# - PUNTO DE ACCESO ADICIONAL DE SERIE-TÍTULO UNIFORME
Título uniforme Alfar universidad. Serie investigación y ensayo ;
Designación de volumen o secuencia 62
9 (RLIN) 236342
852 ## - LOCALIZACIÓN
Ubicación ES-MaACL
Número de control de estantería L-19372
Sublocalización o colección R.125715
Existencias
Estatus retirado Estado de pérdida Estado de daño No para préstamo Biblioteca de origen Biblioteca actual Ubicación en estantería Fecha de adquisición Fuente de adquisición Total de préstamos Signatura topográfica completa Código de barras Visto por última vez Precio de reemplazo Tipo de ítem Koha
        Biblioteca del Ateneo de Madrid Biblioteca del Ateneo de Madrid Depósito 2 17/01/2008     L-19372 1012256 23/02/2023 23/02/2023 Libro impreso